| 000 | 00630nam a2200193 i 4500 | ||
|---|---|---|---|
| 001 | 109347 | ||
| 003 | ES-MaACL | ||
| 005 | 20230906184827.0 | ||
| 007 | t| | ||
| 008 | 061121s1947 xxk r ||||1| eng d | ||
| 100 | 1 |
_aMuir, Ramsay. _984084 |
|
| 245 | 1 | 0 |
_aMuir's historical atlas medieval and modern / _cedited by George Goodall. |
| 250 | _a7ยช. ed. | ||
| 260 |
_aLondon : _bGeorg Philip. The London Geographical Institute, _c1947. |
||
| 300 |
_aXX, 68 p. : _b96 map. ; _c28 cm. |
||
| 650 | 4 |
_aHistoria universal- _xAtlas. _913430 |
|
| 710 | 2 |
_aThe London Geographical Institute. _96955 |
|
| 852 |
_aES-MaACL _jD-7051 _bR.29700 |
||
| 999 |
_c109347 _d109347 |
||